Les Pays Musulmans Ayant l'Arabe comme Langue Officielle - Statistiques

Statistiques générales
  • Ce quiz a été pris 213 fois
  • Le résultat moyen est 18 sur 22
Statistiques - réponses
Pays % Correct
Maroc
99%
Tunisie
99%
Algérie
98%
Arabie Saoudite
94%
Égypte
94%
Irak
90%
Émirats arabes unis
88%
Libye
88%
Syrie
87%
Qatar
86%
Oman
85%
Liban
83%
Yémen
83%
Jordanie
82%
Koweït
80%
Mauritanie
79%
Bahreïn
76%
Somalie
72%
Soudan
70%
Djibouti
61%
Tchad
54%
Comores
53%
Aucun quiz correspondant
Distribution des résultats
% des personnes avec chaque résultat
Percentile par nombre de réponses
Votre historique - résultats
Vous n’avez pas pris ce quiz